000
00292nam a22001337a 4500
008
181029b xxu||||| |||| 00| 0 eng d
020
_a
0321290607
041
_a
eng
080
_2
6th
_a
371
100
_a
46
101
_a
EDU
245
_a
The Longwood Reader
_c
Dornan,E.A
942
_2
udc
_c
BK
999
_c
50976
_d
50976